| Tag |
First Indicator |
Second Indicator |
Subfields |
| LEADER |
00000cam a22000001a 4500 |
| 001 |
in00003412321 |
| 006 |
m d f |
| 007 |
cr bn mmmapmmp |
| 008 |
101220s2008 dcu o f000 0 eng d |
| 005 |
20260429203818.8 |
| 035 |
|
|
|a cis2007863658
|
| 040 |
|
|
|a ProQuest
|c ProQuest
|d UtOrBLW
|
| 043 |
|
|
|a n-us---
|
| 099 |
|
|
|a CRS-2008-AML-0509
|
| 110 |
2 |
|
|a Library of Congress.
|b Congressional Research Service.
|
| 245 |
1 |
0 |
|a Olmstead v. L.C :
|b Judicial Developments.
|
| 264 |
|
1 |
|a [Place of publication not identified] :
|b [publisher not identified],
|c 2008.
|
| 300 |
|
|
|a 1 online resource.
|
| 336 |
|
|
|a text
|b txt
|2 rdacontent
|
| 337 |
|
|
|a computer
|b c
|2 rdamedia
|
| 338 |
|
|
|a online resource
|b cr
|2 rdacarrier
|
| 500 |
|
|
|a Record is based on bibliographic data in ProQuest U.S. Congressional Research Digital Collection (last viewed Dec. 2010). Reuse except for individual research requires license from ProQuest, LLC.
|
| 500 |
|
|
|a CRS Report.
|
| 520 |
|
|
|a Discusses 1999 Supreme Court ruling in Olmstead v. L.C., which concluded that States may be violating Title II of the Americans with Disabilities Act if they provide care to people with disabilities in institutional settings when they could be appropriately served in a home or community-based setting. Examines subsequent lower court decisions and Federal legislation in the 110th Congress.
|
| 500 |
|
|
|a Electronic resource.
|
| 650 |
|
0 |
|a Judge-made law.
|
| 650 |
|
0 |
|a Courts.
|
| 650 |
|
0 |
|a People with disabilities.
|
| 655 |
|
7 |
|a Electronic books.
|2 local
|
| 710 |
2 |
|
|a ProQuest (Firm)
|
| 776 |
0 |
8 |
|i Microfiche version:
|a Library of Congress. Congressional Research Service.
|t Olmstead v. L.C.
|
| 830 |
|
0 |
|a U.S. Congressional Research.
|
| 856 |
4 |
0 |
|u http://proxy.library.tamu.edu/login?url=https://congressional.proquest.com/congcomp/getdoc?CRDC-ID=CRS-2008-AML-0509
|z Connect to the full text of this electronic book
|t 0
|
| 999 |
|
|
|a MARS
|
| 999 |
f |
f |
|s d2641bf3-ae1d-37e4-9035-5cf25f9e1475
|i 2f662bea-1435-3186-b602-e604c363f1dc
|t 0
|
| 952 |
f |
f |
|a Texas A&M University
|b College Station
|c Electronic Resources
|s www_evans
|d Available Online
|t 0
|e CRS-2008-AML-0509
|h Other scheme
|
| 998 |
f |
f |
|a CRS-2008-AML-0509
|t 0
|l Available Online
|